000 01102cam a22003137a 4500
003 CHAP
005 20220817042500.0
008 971013s1975 r 00010 d
010 _a45961
011 _a46933
035 _a51074
040 _cCHAP
082 _a338.9
_bU57 1975
110 _aUNESCO
245 1 3 _aLa política científica en América Latina
_b: cuarta reunión de la conferencia permanente de dirigentes de los consejos...
260 _aParis :
_bUNESCO,
_c1975
300 _a438 p.
490 0 _aEstudios y documentos de política científica
_v; 37
590 _aBATCH-UPD
_b10
_c20130110
_lUCH01
_h2239
590 _aBATCH-UPD
_b10
_c20130410
_lUCH01
_h1534
590 _aBATCH-UPD
_b10
_c20130914
_lUCH01
_h1654
590 _aCONVERSION
_b10
_c20130109
_lUCH01
_h1325
650 1 4 _aInvestigación
_xAmérica Latina.
_960223
650 1 4 _aPolítica científica
_xAmérica Latina.
_990460
830 0 _aEstudios y documentos de política científica
_v; 37
_938563
901 _aBK
942 _cLIBRO
949 _a338.9 U57 1975
_bBC
_cLIBRO
_d33724000659686
_eLIBRO
_h40217
_i51074
_mD
_si
999 _c45961
_d45961